header

In the footsteps of the masters (Record no. 12386)

MARC details
000 -LEADER
fixed length control field 01471nam a22003494a 4500
082 04 - DEWEY DECIMAL CLASSIFICATION NUMBER
Classification number 968/.0009/9
100 1# - MAIN ENTRY--AUTHOR NAME
Personal name Mungazi, Dickson A.
245 10 - TITLE STATEMENT
Title In the footsteps of the masters
260 ## - PUBLICATION, DISTRIBUTION, ETC. (IMPRINT)
Place of publication Westport, Conn. :
Name of publisher Praeger,
Year of publication 2000.
300 ## - PHYSICAL DESCRIPTION
Number of Pages xviii, 228 p. :
Other physical details ill., maps.
650 #0 - SUBJECT ADDED ENTRY--TOPICAL TERM
Topical Term Church and state
Topical Term Church and state
856 40 - ELECTRONIC LOCATION AND ACCESS
Uniform Resource Identifier http://site.ebrary.com/lib/rucke/Doc?id=10017964

No items available.

© 2026 Rongo University
Contact us: librarian | system librarian | Rongo university